Генератор сигналов специальной формы с использованием системы ортогональных функций Уолша; Известия вузов. Радиоэлектроника; Т. 30, № 9

Detalles Bibliográficos
Parent link:Известия вузов. Радиоэлектроника.— , 1967- 2006
Т. 30, № 9.— 1987.— С. 91-93
Autor Principal: Губерт В. Ф.
Outros autores: Семкина Л. И.
Idioma:ruso
Publicado: 1987
Subjects:
Formato: MixedMaterials Capítulo de libro
KOHA link:https://koha.lib.tpu.ru/cgi-bin/koha/opac-detail.pl?biblionumber=439140

MARC

LEADER 00000naa2a2200000 4500
001 439140
005 20231101080940.0
035 |a (RuTPU)RU\TPU\prd\100462 
035 |a RU\TPU\tpu\17305 
090 |a 439140 
100 |a 20110218a1987 k y0rusy50 ca 
101 0 |a rus 
102 |a RU 
200 1 |a Генератор сигналов специальной формы с использованием системы ортогональных функций Уолша  |f В. Ф. Губерт, Л. И. Семкина 
461 0 |0 (RuTPU)RU\TPU\prd\784  |t Известия вузов. Радиоэлектроника  |d 1967- 2006 
463 0 |0 (RuTPU)RU\TPU\prd\100461  |t Т. 30, № 9  |v С. 91-93  |d 1987 
610 1 |a функции Уолша 
610 1 |a генераторы 
610 1 |a синалы 
610 1 |a специальные формы 
610 1 |a труды учёных ТПУ 
700 1 |a Губерт  |b В. Ф. 
701 1 |a Семкина  |b Л. И. 
801 1 |a RU  |b 63413507  |c 20050617  |g PSBO 
801 2 |a RU  |b 63413507  |c 20180222  |g PSBO 
942 |c BK